বাংলা গ্রামার - N4 : bangla grammar for JLPT / NAT N-4 level /

Dades bibliogràfiques
Autor principal: Islam, Aminul
Format: Llibre
Idioma:Bengali
English
Japanese
Publicat: ঢাকা : সাকিব বুক সেন্টার, ২০২৪.
Edició:ষষ্ঠ সংস্করণ.
Matèries:
Classic Catalogue: View this record in Classic Catalogue
LEADER 03507nam a22003617a 4500
001 44784
003 BD-DhAAL
005 20251111164039.0
008 250914t20242018bg a|||| |||| 00| 0 ben d
040 |a BD-DhAAL  |c BD-DhAAL 
041 |a ben  |a eng  |a jpn 
082 |a 495.65  |2 23 
100 |a Islam, Aminul. 
245 |a বাংলা গ্রামার - N4 :  |b bangla grammar for JLPT / NAT N-4 level /  |c Aminul Islam. 
246 |a Minna no nihongo N4 :  |b Bangla grammar for JLPT / NAT level N-4 / 
250 |a ষষ্ঠ সংস্করণ. 
260 |a ঢাকা :  |b সাকিব বুক সেন্টার,  |c ২০২৪. 
300 |a ২৫৬ পৃষ্ঠা :  |b চিত্র ;  |c ২৪ সে.মি. 
500 |a প্রথম প্রকাশ ২০১৮ Learn Japanese & speak Japanese Bangla Grammar সম্পূর্ণ বাংলা ও ইংরেজী অর্থসহ শদ্বার্থ, ব্যাকরণ এবং কানজি 
500 |a みんなの日本語 
526 |a CSE  |x Annajiat Alim Rasel Senior Lecturer Department of Computer Science & Engineering Course Name and No: Japanese Language and General for ITEE (JPN 101) 
541 |a Hye Trade Internation  |e 44784, 44785, 44786, 44787, 44788 
546 |a In Japanese, with English and Bengali translations. 
650 |a Japanese language  |x Grammar.  |9 59307 
650 |a Japanese language  |x Spoken Japanese.  |9 59311 
852 |a Ayesha Abed Library  |c General Stacks 
942 |c BK  |2 ddc 
999 |c 47468  |d 47468 
952 |0 0  |1 0  |2 ddc  |4 0  |6 495_650000000000000_ISL  |7 0  |9 78176  |a BRACUL  |b BRACUL  |c NEW  |d 2025-09-08  |e Hye Trade International  |g 372.00  |l 1  |o 495.65 ISL  |p 3010044784  |r 2026-02-05  |s 2026-02-02  |t 1  |v 744.00  |w 2025-09-08  |y BK  |x Requisitioned by Annajiat Alim Rasel (Senior Lecturer, Department of Computer Science and Engineering, BRAC University) for the course named - 'Japanese Language and General for ITEE (JPN 101)' 
952 |0 0  |1 0  |2 ddc  |4 0  |6 495_650000000000000_ISL  |7 0  |9 78177  |a BRACUL  |b BRACUL  |c GEN  |d 2025-09-08  |e Hye Trade International  |g 372.00  |l 0  |o 495.65 ISL  |p 3010044785  |r 2025-09-08  |t 2  |v 744.00  |w 2025-09-08  |y BK  |x Requisitioned by Annajiat Alim Rasel (Senior Lecturer, Department of Computer Science and Engineering, BRAC University) for the course named - 'Japanese Language and General for ITEE (JPN 101)' 
952 |0 0  |1 0  |2 ddc  |4 0  |6 495_650000000000000_ISL  |7 0  |9 78178  |a BRACUL  |b BRACUL  |c GEN  |d 2025-09-08  |e Hye Trade International  |g 372.00  |l 0  |o 495.65 ISL  |p 3010044788  |r 2025-09-08  |t 5  |v 372.00  |w 2025-09-08  |y BK  |x Requisitioned by Annajiat Alim Rasel (Senior Lecturer, Department of Computer Science and Engineering, BRAC University) for the course named - 'Japanese Language and General for ITEE (JPN 101)' 
952 |0 0  |1 0  |2 ddc  |4 0  |6 495_650000000000000_ISL  |7 0  |9 78179  |a BRACUL  |b BRACUL  |c GEN  |d 2025-09-08  |e Hye Trade International  |g 372.00  |l 0  |o 495.65 ISL  |p 3010044786  |r 2025-09-08  |t 3  |v 744.00  |w 2025-09-08  |y BK  |x Requisitioned by Annajiat Alim Rasel (Senior Lecturer, Department of Computer Science and Engineering, BRAC University) for the course named - 'Japanese Language and General for ITEE (JPN 101)' 
952 |0 0  |1 0  |2 ddc  |4 0  |6 495_650000000000000_ISL  |7 0  |9 78180  |a BRACUL  |b BRACUL  |c GEN  |d 2025-09-08  |e Hye Trade International  |g 372.00  |l 0  |o 495.65 ISL  |p 3010044787  |r 2025-09-08  |t 4  |v 744.00  |w 2025-09-08  |y BK  |x Requisitioned by Annajiat Alim Rasel (Senior Lecturer, Department of Computer Science and Engineering, BRAC University) for the course named - 'Japanese Language and General for ITEE (JPN 101)'